| 000 | 00439cam a2200169ua 4500 | ||
|---|---|---|---|
| 020 | _c30.00 | ||
| 041 |
_aeng _h |
||
| 082 |
_a547 _bBLO/OR |
||
| 100 | _aBlom, A V . | ||
| 245 |
_aOrganic coatings in theory and practice / _cA V Blom. _hTextual Documents |
||
| 260 |
_aNew York : _bElsevier Scientific Publishing Company , _c1949. |
||
| 300 | _a298 ; . | ||
| 365 | _a30.00 | ||
| 504 | _a | ||
| 942 | _cBK | ||
| 999 |
_c10324 _d10324 |
||